| 000 | 01091nam a22003137a 4500 | ||
|---|---|---|---|
| 003 | CHAP | ||
| 005 | 20220329135319.0 | ||
| 008 | 971013s1979 r 00010 d | ||
| 010 | _a34248 | ||
| 011 | _a35220 | ||
| 035 | _a39336 | ||
| 040 | _cCHAP | ||
| 090 | _aTesis | ||
| 100 | 0 | 0 |
_aLuna Buenos Aires, Salvador. _969024 |
| 245 | _aInforme de servicio social realizado en el Centro de Estudios Tecnológicos Agropecuarios No. 77 S.E.P. de San Miguel el Grande, Oax. | ||
| 260 |
_aMéxico : _bEl autor, _c1979 |
||
| 300 | _a39 h. | ||
| 502 | _aTesis (Médico Veterinario Zootecnista) -- UNAM. Fac. de Medicina Veterinaria y Zootecnia | ||
| 590 |
_aALEPH _b10 _c20130110 _lUCH01 _h1259 |
||
| 590 |
_aBATCH-UPD _b10 _c20130110 _lUCH01 _h1936 |
||
| 590 |
_aBATCH-UPD _b10 _c20130410 _lUCH01 _h1300 |
||
| 590 |
_aBATCH-UPD _b10 _c20130914 _lUCH01 _h1240 |
||
| 590 |
_aCONVERSION _b10 _c20130109 _lUCH01 _h1319 |
||
| 650 | 1 | 4 |
_aEducación agrícola _xOaxaca. _935536 |
| 650 | 1 | 4 |
_aEscuelas agrícolas _xOaxaca. _937647 |
| 901 | _aBK | ||
| 942 | _cTESIS | ||
| 949 |
_bBC _cTES _d-89705 _eTS1 _i39336 _si |
||
| 999 |
_c34248 _d34248 |
||